Training, the competitive edge : Introducing new technology into the workplace
Αποθηκεύτηκε σε:
| Κύριος συγγραφέας: | |
|---|---|
| Άλλοι συγγραφείς: | |
| Μορφή: | Βιβλίο |
| Γλώσσα: | English |
| Δημοσίευση: |
San Francisco, Oxford :
Jossey-Bass Publishers,
1990
|
| Σειρά: | A work in America Institute publication
|
| Θέματα: | |
| Ετικέτες: |
Προσθήκη ετικέτας
Δεν υπάρχουν, Καταχωρήστε ετικέτα πρώτοι!
|
MARC
| LEADER | 00000nam a2200000 i 4500 | ||
|---|---|---|---|
| 001 | 1/37985 | ||
| 008 | 960115s1990 eng d | ||
| 020 | |a 1-55542-109-1 | ||
| 035 | |l 10024778 | ||
| 040 | |a GR-MY-UA |b gre |e aacr | ||
| 041 | 0 | |a eng | |
| 082 | 0 | |a 658.31243 | |
| 100 | 1 | |a Rosow, Jerome M. | |
| 245 | 1 | 0 | |a Training, the competitive edge : |b Introducing new technology into the workplace / |c Jerome M. Rosow, Robert Zager |
| 260 | |a San Francisco, Oxford : |b Jossey-Bass Publishers, |c 1990 | ||
| 300 | |a 243 p. | ||
| 490 | 1 | |a A work in America Institute publication | |
| 500 | |a Includes bibliography and index | ||
| 650 | 0 | 0 | |a Employees |x Training of. |
| 650 | 0 | 0 | |a Occupational retraining. |
| 650 | 0 | 0 | |a Labor Supply |x Effect of technological innovations on. |
| 650 | 0 | 0 | |a Job security. |
| 700 | 1 | |a Zager, Robert. | |
| 830 | 0 | |a A work in America Institute publication | |
| 852 | |a INST |b CHIOS |e 19960115 |h 658.31243 ROS |p 005200003681 |q 005200003681 |t BK |y 0 | ||
| 909 | |a Χ |b 037578 | ||